[Event "I Miedzynarodowy Memorial Ireny Warakomskiej - Open A"]
[Site "Suwalki"]
[Date "2017-08-13"]
[Round "4.43"]
[White "Mokal, Amruta Sunil"]
[Black "Wisniewski, Michal "]
[Result "1/2-1/2"]
[WhiteTitle ""]
[BlackTitle ""]
[WhiteElo "2047"]
[BlackElo "2180"]

1. c4 g6 2. g3 Bg7 3. Bg2 c5 4. Nc3 Nc6 5. e4 e6 6. d3 Nge7 7. Be3 Nd4 8. Qd2 O-O
9. Nge2 Nec6 10. O-O d6 11. Rae1 a6 12. f4 Rb8 13. b3 Qa5 14. g4 Nb4 15. f5 Be5
16. f6 Nxe2+ 17. Rxe2 Nc6 18. Nd1 Qxd2 19. Rxd2 Bd4 20. g5 b5 21. h4 h5 22. gxh6
Kh7 23. Kh2 Ne5 24. Kg3 b4 25. Bxd4 cxd4 26. Kf4 Kxh6 27. c5 Nd7 28. cxd6 e5+
29. Kg3 Rb6 30. Rc2 Rxd6 31. Bh3 Nb6 32. Nf2 Bxh3 33. Kxh3 Nd7 34. Ng4+ 1/2-1/2

[Event "I Miedzynarodowy Memorial Ireny Warakomskiej - Open A"]
[Site "Suwalki"]
[Date "2017-08-15"]
[Round "6.1"]
[White "Bartel, Mateusz"]
[Black "Vetoshko, Volodymyr"]
[Result "1/2-1/2"]
[WhiteTitle ""]
[BlackTitle ""]
[WhiteElo "2608"]
[BlackElo "2517"]

1. c4 e6 2. Nf3 d5 3. e3 Nf6 4. b3 c5 5. Bb2 Nc6 6. cxd5 exd5 7. Bb5 Bd6 8. Nc3
O-O 9. d4 cxd4 10. Nxd4 Bg4 11. Be2 Bxe2 12. Ndxe2 Re8 13. h3 Be5 14. O-O d4 15.
exd4 Nxd4 16. Nxd4 Qxd4 17. Na4 Qxd1 18. Rfxd1 Bxb2 19. Nxb2 Rad8 20. Nc4 b6 21.
Nd6 Re5 22. Rac1 Rd5 23. Rxd5 Nxd5 24. Nc8 a5 25. a3 g6 26. Rc6 Nf4 27. a4 Ne2+
28. Kh2 Nd4 29. Rc3 b5 30. Na7 bxa4 31. bxa4 Rd7 32. Rd3 Rxa7 33. Rxd4 h5 34.
Rd5 Kg7 35. Kg3 Kf6 36. Kf4 Rb7 37. Rxa5 Rb4+ 38. Kg3 Rb3+ 39. f3 Rb4 40. h4 Rc4
41. Ra7 Rb4 42. a5 Ra4 43. a6 Ra2 44. Kh3 Ra3 45. Ra8 Kf5 46. Kg3 Ra2 47. a7 Ra1
48. Kf2 Ra2+ 49. Ke3 Ra3+ 50. Kd4 Kf6 51. Kd5 Kg7 52. Ke5 Ra5+ 53. Kd6 Ra1 54.
g4 hxg4 55. fxg4 Rd1+ 56. Ke5 Re1+ 57. Kf4 Rf1+ 58. Kg3 Ra1 59. h5 1/2-1/2

[Event "I Miedzynarodowy Memorial Ireny Warakomskiej - Open A"]
[Site "Suwalki"]
[Date "2017-08-15"]
[Round "6.2"]
[White "Tomczak, Jacek "]
[Black "Kashlinskaya, Alina"]
[Result "0-1"]
[WhiteTitle ""]
[BlackTitle ""]
[WhiteElo "2598"]
[BlackElo "2440"]

1. e4 e5 2. Nf3 Nf6 3. Nxe5 d6 4. Nf3 Nxe4 5. Bd3 Nf6 6. O-O Be7 7. h3 O-O 8. c3
d5 9. Bc2 Nbd7 10. d4 Bd6 11. Nh4 Ne4 12. Nf5 Ndf6 13. Nxd6 Qxd6 14. Qf3 Re8 15.
Qf4 Bd7 16. Na3 Qb6 17. Rb1 Re7 18. Qh4 Rae8 19. g4 h6 20. f3 Ng5 21. Bd3 Qd6
22. Kg2 Re3 23. Bxe3 Rxe3 24. Rbd1 Ne6 25. Kh1 Nf4 26. Bc4 Nh7 27. Qf2 Re7 28.
Qg3 dxc4 29. Nxc4 Qf6 30. Rfe1 Rxe1+ 31. Rxe1 Ng5 32. Ne5 Be6 33. h4 Ngh3 34.
c4 c6 35. Re4 g5 36. Qe1 gxh4 37. Qe3 Ng6 38. Nxg6 Qxg6 39. d5 cxd5 40. cxd5 Bxd5
41. Re8+ Kh7 42. Qc3 Qb1+ 43. Re1 Qxa2 44. Qd3+ Kg7 45. Qd4+ f6 46. Re7+ Bf7 47.
f4 Qb3 48. Rxf7+ Kxf7 49. Qd7+ Kg8 50. Qe8+ Kg7 51. Qe7+ Qf7 52. Qe3 Qd5+ 53.
Kh2 Nxf4 0-1

[Event "I Miedzynarodowy Memorial Ireny Warakomskiej - Open A"]
[Site "Suwalki"]
[Date "2017-08-15"]
[Round "6.3"]
[White "Bilguun, Sumiya"]
[Black "Mastrovasilis, Dimitrios "]
[Result "1/2-1/2"]
[WhiteTitle ""]
[BlackTitle ""]
[WhiteElo "2443"]
[BlackElo "2596"]

1. e4 c5 2. Nf3 Nc6 3. d4 cxd4 4. Nxd4 Nf6 5. Nc3 e5 6. Ndb5 d6 7. Bg5 a6 8. Na3
b5 9. Nd5 Be7 10. Bxf6 Bxf6 11. c3 O-O 12. Nc2 Bg5 13. a4 bxa4 14. Rxa4 a5 15.
Bc4 Rb8 16. b3 Kh8 17. h4 1/2-1/2

[Event "I Miedzynarodowy Memorial Ireny Warakomskiej - Open A"]
[Site "Suwalki"]
[Date "2017-08-15"]
[Round "6.4"]
[White "Sadzikowski, Daniel"]
[Black "Plichta, Kamil "]
[Result "1-0"]
[WhiteTitle ""]
[BlackTitle ""]
[WhiteElo "2594"]
[BlackElo "2341"]

1. e4 c5 2. Nf3 g6 3. c4 Nc6 4. d4 cxd4 5. Nxd4 Nf6 6. Nc3 d6 7. f3 Nxd4 8. Qxd4
Bg7 9. Be3 O-O 10. Qd2 Be6 11. Rc1 Qa5 12. b3 Rfc8 13. Be2 a6 14. Na4 Qxd2+ 15.
Kxd2 Nd7 16. g4 f5 17. exf5 gxf5 18. h3 Rf8 19. f4 Rad8 20. g5 d5 21. cxd5 Bxd5
22. Rhd1 e5 23. Ke1 Bf7 24. Rc7 b5 25. Rcxd7 Rxd7 26. Rxd7 bxa4 27. bxa4 exf4
28. Bxf4 a5 29. h4 Bxa2 30. h5 Rf7 31. Rd8+ Rf8 32. Rd7 Rf7 33. Rd6 Bc3+ 34. Kf2
Bb4 35. Rc6 Rf8 36. Bc4+ Bxc4 37. Rxc4 Re8 38. Kf3 Kf7 39. Bc1 Bd6 40. Rc6 Re6
41. Bb2 Bf8 42. Rc7+ Kg8 43. Rc8 Kf7 44. Kf4 Re2 45. Bf6 Rh2 46. Kxf5 Rxh5 47.
Rc7+ Kg8 48. Ra7 h6 49. Kg6 Rh4 50. Rxa5 hxg5 51. Bxg5 Rc4 52. Ra7 Rc6+ 53. Bf6
Bc5 54. Ra8+ Bf8 55. a5 Rc8 56. Ra7 Rc2 57. a6 Rg2+ 58. Bg5 Ra2 59. Ra8 Rc2 60.
Be7 Rc6+ 61. Bf6 Rc8 62. Ra7 Ra8 63. Rh7 Rxa6 64. Rh8# 1-0

[Event "I Miedzynarodowy Memorial Ireny Warakomskiej - Open A"]
[Site "Suwalki"]
[Date "2017-08-15"]
[Round "6.5"]
[White "Sagar, Shah"]
[Black "Czarnota, Pawel"]
[Result "1-0"]
[WhiteTitle ""]
[BlackTitle ""]
[WhiteElo "2397"]
[BlackElo "2577"]

1. Nf3 Nf6 2. g3 g6 3. b3 Bg7 4. Bb2 O-O 5. Bg2 c5 6. c4 d5 7. cxd5 Qxd5 8. Nc3
Qf5 9. Rc1 Nbd7 10. d4 cxd4 11. Nxd4 Qa5 12. O-O a6 13. Na4 Re8 14. a3 Qh5 15.
b4 e5 16. Nb3 e4 17. e3 Qh6 18. Qc2 b5 19. Nac5 Nxc5 20. Nxc5 Ng4 21. h3 Ne5 22.
Bxe5 Bxe5 23. Bxe4 Rb8 24. h4 Rb6 25. Rfd1 Rf6 26. Bg2 Bxg3 27. Ne4 Rxe4 28. Qxc8+
Kg7 29. fxg3 Qxe3+ 30. Kh2 Rf2 31. Rf1 Ra2 32. Rc7 Rf2 33. Rxf2 Qxf2 34. Rc2 1-0

[Event "I Miedzynarodowy Memorial Ireny Warakomskiej - Open A"]
[Site "Suwalki"]
[Date "2017-08-15"]
[Round "6.6"]
[White "Sandipan, Chanda "]
[Black "Leniart, Arkadiusz "]
[Result "1/2-1/2"]
[WhiteTitle ""]
[BlackTitle ""]
[WhiteElo "2568"]
[BlackElo "2480"]

1. g3 Nf6 2. Bg2 d5 3. d3 g6 4. f4 Bg7 5. Nf3 c5 6. O-O O-O 7. Nc3 d4 8. Na4 Na6
9. c4 Rb8 10. h3 Bd7 11. Ne5 Be8 12. e4 Nd7 13. Nf3 Nb4 14. b3 a6 15. f5 b5 16.
Nb2 Ne5 17. Nxe5 Bxe5 18. Bh6 Bg7 19. Bf4 Rc8 20. g4 e5 21. Bd2 bxc4 22. bxc4
g5 23. a3 Nc6 24. Na4 Nb8 25. Rb1 Nd7 26. Rb7 f6 27. Qe1 Rc6 28. Ba5 Qa8 29. Qb1
Rf7 30. Rf2 Bf8 31. Rfb2 Rc8 32. Bf3 Be7 33. Bd1 Bd6 34. Qa2 Bb8 35. Rxd7 Bxd7
36. Nb6 Qb7 37. Qb1 Bd6 38. Nxc8 Qxc8 39. Bb6 Be8 40. Ba5 Bc6 41. Bc2 Kf8 42.
Rb6 Ra7 43. Ba4 Bxa4 44. Rxd6 Kg7 45. Rxf6 Bc2 46. Qb6 Rb7 47. Qxa6 Bxd3 48. Qd6
Qb8 49. Qxb8 Rxb8 50. Rb6 Rxb6 51. Bxb6 Bxc4 52. Bxc5 Bd3 53. a4 Bxe4 54. a5 Bb7
55. Be7 h6 56. Kf2 Kf7 57. Bc5 Kf6 58. Bb6 Ke7 59. Bc7 Kf6 60. Bd8+ Kf7 61. Ke2
Ba6+ 62. Kd2 Bf1 63. h4 gxh4 64. Bxh4 Bh3 65. a6 Bxg4 66. a7 Bf3 67. Kc2 Bd5 68.
Kb2 Kg7 69. Ka3 Kf7 70. Kb4 Ba8 71. Kc4 Bf3 72. Kd3 1/2-1/2

[Event "I Miedzynarodowy Memorial Ireny Warakomskiej - Open A"]
[Site "Suwalki"]
[Date "2017-08-15"]
[Round "6.7"]
[White "Kveinys, Aloyzas "]
[Black "Markowski, Tomasz"]
[Result "1/2-1/2"]
[WhiteTitle ""]
[BlackTitle ""]
[WhiteElo "2548"]
[BlackElo "2552"]

1. e4 c5 2. Nf3 Nc6 3. Bb5 e6 4. O-O Nge7 5. Re1 Nd4 6. Nxd4 cxd4 7. c4 Ng6 8.
d3 Be7 9. Nd2 O-O 10. Nb3 a6 11. Ba4 e5 12. c5 d6 13. cxd6 Bxd6 14. Nd2 Qf6 15.
Bb3 Bd7 16. Qf3 Qxf3 17. Nxf3 Rac8 18. h3 h6 19. Rd1 Kh7 20. Nd2 b5 21. Nf1 Ne7
22. Bd2 g6 23. Rac1 Kg7 24. Rxc8 Rxc8 25. Rc1 Rxc1 26. Bxc1 a5 27. a3 a4 28. Ba2
Nc6 29. Bd5 Nd8 30. Bd2 Ne6 31. Bxe6 Bxe6 32. f3 h5 33. Kf2 f6 34. Bb4 Bc7 35.
Nd2 Kf7 36. Ke2 Ke8 37. Kf2 Kd7 38. Ke2 f5 39. Kf2 Bd8 40. exf5 Bxf5 1/2-1/2

[Event "I Miedzynarodowy Memorial Ireny Warakomskiej - Open A"]
[Site "Suwalki"]
[Date "2017-08-15"]
[Round "6.8"]
[White "Grib, Roman"]
[Black "Warakomski, Tomasz "]
[Result "1-0"]
[WhiteTitle ""]
[BlackTitle ""]
[WhiteElo "2427"]
[BlackElo "2536"]

1. e4 c6 2. Nf3 d5 3. Nc3 g6 4. h3 Bg7 5. d4 Nh6 6. Bf4 f6 7. Bd3 Nf7 8. Qe2 O-O
9. O-O-O e5 10. Bh2 exd4 11. Nxd4 Re8 12. f4 Qb6 13. Nb3 Nd7 14. Bg1 Qc7 15. Qf3
Bh6 16. Be3 f5 17. e5 Nf6 18. Kb1 Ne4 19. g4 a5 20. gxf5 Bxf5 21. Nxe4 dxe4 22.
Bxe4 Bxe4 23. Qxe4 Rad8 24. h4 a4 25. Nc5 a3 26. b3 Qe7 27. h5 g5 28. Rxd8 Rxd8
29. Nd3 gxf4 30. Bxf4 Bxf4 31. Qxf4 h6 32. Qf5 Ng5 33. Nc5 Rd5 34. Qg6+ Qg7 35.
Qxg7+ Kxg7 36. Nxb7 Ne4 37. Nd6 Nxd6 38. exd6 Rxd6 39. Kc1 Rd5 40. Rh4 Kf7 41.
b4 Rf5 42. Kd2 c5 43. Kc3 cxb4+ 44. Kxb4 Ke7 45. c4 Kd6 46. Rd4+ Kc7 47. Rd5 Rf3
48. Ra5 Rh3 49. Rxa3 Rxh5 50. Ra6 Kb7 51. Rg6 Rh2 52. a4 Rb2+ 53. Kc5 Ra2 54.
Rg7+ Ka6 55. Kd6 Rxa4 56. c5 Rd4+ 57. Kc7 Rf4 58. c6 Rf8 59. Rg1 Rf7+ 60. Kd6
Rf6+ 61. Kd7 Rf7+ 62. Ke6 Rf8 63. Ke7 Rh8 64. Rb1 h5 65. c7 Ka7 66. Kd7 Rh7+ 67.
Kc6 Rh6+ 68. Kc5 Rh8 69. Rd1 1-0

[Event "I Miedzynarodowy Memorial Ireny Warakomskiej - Open A"]
[Site "Suwalki"]
[Date "2017-08-15"]
[Round "6.9"]
[White "Mihok, Oliver"]
[Black "Teclaf, Pawel"]
[Result "1-0"]
[WhiteTitle ""]
[BlackTitle ""]
[WhiteElo "2534"]
[BlackElo "2373"]

1. e4 c5 2. Nf3 d6 3. Bb5+ Nd7 4. d4 cxd4 5. Qxd4 a6 6. Bxd7+ Bxd7 7. c4 Rc8 8.
Nc3 Nf6 9. Bg5 h6 10. Bxf6 gxf6 11. Nd5 Rg8 12. O-O Bh3 13. Ne3 Qd7 14. Nh4 Rc5
15. Kh1 Be6 16. Nhf5 h5 17. Rfe1 Rc8 18. Nd5 Bxd5 19. cxd5 Rg6 20. Qd1 Qb5 21.
Rc1 Kd7 22. Rxc8 Kxc8 23. Qxh5 Qb4 24. Rc1+ Kb8 25. Qh8 Ka7 26. Qxf8 Qxe4 27.
Ng3 Qe5 28. Qxf7 Qxb2 29. Rf1 Rg5 30. Qxe7 Rxd5 31. Qe3+ Kb8 32. Qb3 Qd4 33. Kg1
f5 34. Rb1 Rb5 35. Qg8+ Ka7 36. Rxb5 axb5 37. Qb3 f4 38. Nf1 b4 39. g3 d5 40.
gxf4 1-0

[Event "I Miedzynarodowy Memorial Ireny Warakomskiej - Open A"]
[Site "Suwalki"]
[Date "2017-08-15"]
[Round "6.10"]
[White "Koziol, Kamil"]
[Black "Kanarek, Marcel"]
[Result "1/2-1/2"]
[WhiteTitle ""]
[BlackTitle ""]
[WhiteElo "2321"]
[BlackElo "2530"]

1. e4 c5 2. Nf3 Nc6 3. Bb5 e6 4. Bxc6 bxc6 5. d3 Ne7 6. h4 h5 7. Nc3 Ng6 8. e5
f6 9. Qe2 Qc7 10. Qe4 Nxe5 11. Nxe5 Qxe5 12. Qxe5 fxe5 13. Bg5 d5 14. Na4 Ba6
15. b3 c4 16. dxc4 1/2-1/2

[Event "I Miedzynarodowy Memorial Ireny Warakomskiej - Open A"]
[Site "Suwalki"]
[Date "2017-08-15"]
[Round "6.11"]
[White "Gleizerov, Evgeny"]
[Black "Krzyzanowski, Marcin "]
[Result "1-0"]
[WhiteTitle ""]
[BlackTitle ""]
[WhiteElo "2519"]
[BlackElo "2464"]

1. d4 Nf6 2. c4 e6 3. g3 d5 4. Nf3 Bb4+ 5. Bd2 Be7 6. Bg2 O-O 7. O-O Nbd7 8. Qb3
a5 9. Nc3 c6 10. Rfd1 a4 11. Nxa4 dxc4 12. Qc2 b5 13. Nc3 Qb6 14. e4 e5 15. d5
cxd5 16. Nxd5 Nxd5 17. exd5 Bc5 18. Be1 f5 19. Ng5 e4 20. Ne6 Rf7 21. a4 Ne5 22.
axb5 Rxa1 23. Rxa1 Bxe6 24. dxe6 Qxe6 25. b3 Rc7 26. bxc4 Bb6 27. Ra6 Nxc4 28.
Qa2 Kf7 29. Bf1 e3 30. Bxc4 exf2+ 31. Bxf2 Bxf2+ 32. Qxf2 Qxc4 33. Qxf5+ Ke7 34.
Qe5+ Kf7 35. Ra1 Qc5+ 36. Qxc5 Rxc5 37. Rb1 Rc7 38. b6 Rb7 39. Kf2 Ke7 40. Ke3
Kd7 41. Kf4 Kc8 42. Kg5 Rd7 43. b7+ Kb8 44. Rb5 Rd3 45. Kh4 Rd7 46. Kg4 Rd4+ 47.
Kf5 Rd6 48. h4 Rf6+ 49. Kg4 Rd6 50. Kf4 Rd7 51. g4 Rf7+ 52. Kg5 Rf6 53. Rf5 Rg6+
54. Kf4 Rc6 55. Ke5 Rg6 56. Rg5 Rh6 57. h5 g6 58. hxg6 hxg6 59. Kf6 Kxb7 60. Rxg6
Rh1 61. Rg7+ Kc6 62. Re7 Rh6+ 63. Kg7 Rh1 64. g5 Kd6 65. Re2 Kd7 66. g6 Rg1 67.
Kf7 Rf1+ 68. Kg8 Rg1 69. g7 Rh1 70. Re4 Rh2 71. Kf7 Rf2+ 72. Kg6 Rg2+ 73. Kf6
Rg1 74. Re5 1-0

[Event "I Miedzynarodowy Memorial Ireny Warakomskiej - Open A"]
[Site "Suwalki"]
[Date "2017-08-15"]
[Round "6.12"]
[White "Jarmula, Lukasz"]
[Black "Ulybin, Mikhail"]
[Result "1/2-1/2"]
[WhiteTitle ""]
[BlackTitle ""]
[WhiteElo "2457"]
[BlackElo "2518"]

1. d4 d5 2. c4 c5 3. cxd5 Qxd5 4. Nf3 cxd4 5. Nc3 Qa5 6. Nxd4 Nf6 7. Bd2 e5 8.
Ndb5 Na6 9. a3 Be7 10. b4 Qd8 11. e4 O-O 12. Be3 Bd7 13. f3 Qb8 14. Rc1 Rc8 15.
Qb3 Be6 16. Qa4 Nd7 17. Qd1 Nc7 18. Be2 Ne8 19. Nd5 Bh4+ 20. g3 Rxc1 21. Qxc1
Bxd5 22. exd5 Be7 23. O-O a6 24. Nc3 Nd6 25. Ne4 Qd8 26. Nxd6 Bxd6 27. Qd2 Rc8
28. Kg2 h6 29. Bd1 Qc7 30. Bb3 Qc3 31. Rc1 Qxd2+ 32. Bxd2 Rxc1 33. Bxc1 Kf8 34.
Be3 Ke7 35. Kf2 Bc7 36. Bc5+ Bd6 37. Be3 f5 38. Bc2 f4 39. Bc1 Bc7 40. Bb2 Bb6+
41. Ke2 fxg3 42. hxg3 Kd6 43. Bf5 Nf6 44. Bc8 Kc7 45. Be6 Kd6 46. Bc8 1/2-1/2

[Event "I Miedzynarodowy Memorial Ireny Warakomskiej - Open A"]
[Site "Suwalki"]
[Date "2017-08-15"]
[Round "6.13"]
[White "Zawadzka, Jolanta"]
[Black "Jakubowski, Krzysztof"]
[Result "0-1"]
[WhiteTitle ""]
[BlackTitle ""]
[WhiteElo "2420"]
[BlackElo "2515"]

1. e4 c5 2. Nf3 d6 3. Bb5+ Nd7 4. d4 Ngf6 5. e5 cxd4 6. exf6 Qa5+ 7. c3 Qxb5 8.
fxe7 Bxe7 9. Nxd4 Qe5+ 10. Be3 O-O 11. Nd2 f5 12. O-O f4 13. N4f3 Qf5 14. Bd4
g5 15. Re1 Rf7 16. Nc4 Nf8 17. Rxe7 Rxe7 18. Nxd6 Qd5 19. Bf6 Qxd1+ 20. Rxd1 Re2
21. Nxg5 h6 22. Ngf7 Be6 23. Nxh6+ Kh7 24. Nhf5 Bxf5 25. Nxf5 Rae8 26. Kf1 Rxb2
27. Ne7 Ng6 28. Nd5 Rxa2 29. h4 f3 30. Nb4 Ra5 31. gxf3 Kg8 32. Bg5 Rf5 33. Rd6
Ne7 34. f4 a5 35. Nc2 Rc5 36. Re6 Rxc3 37. Ne3 Kf7 38. Rf6+ Kg8 39. Re6 Kf7 40.
Rf6+ Kg8 41. Ng4 Rc6 42. Nh6+ Kh7 43. Rf7+ Kg6 44. f5+ Nxf5 45. Rxf5 a4 46. Bf4
Rf6 47. h5+ Kg7 48. Rg5+ Kh7 49. Rg4 a3 50. Bc1 a2 51. Bb2 Rb6 52. Bd4 Kxh6 0-1

[Event "I Miedzynarodowy Memorial Ireny Warakomskiej - Open A"]
[Site "Suwalki"]
[Date "2017-08-15"]
[Round "6.14"]
[White "Zylka, Stanislaw "]
[Black "Barski, Radoslaw "]
[Result "0-1"]
[WhiteTitle ""]
[BlackTitle ""]
[WhiteElo "2368"]
[BlackElo "2444"]

1. d4 Nf6 2. Nf3 e6 3. g3 d5 4. Bg2 g6 5. O-O Bg7 6. c4 O-O 7. Nc3 b6 8. Ne5 Bb7
9. cxd5 exd5 10. Bg5 Qd6 11. Rc1 c6 12. Qd2 Nbd7 13. Nxd7 Qxd7 14. Bh6 Rfe8 15.
Bxg7 Kxg7 16. e3 Qd6 17. Rfe1 Rad8 18. Ne2 Bc8 19. Nf4 Bf5 20. Nd3 Ne4 21. Qd1
h5 22. Qa4 Rc8 23. Ne5 c5 24. Qxa7 Re7 25. Qa6 cxd4 26. exd4 Rxc1 27. Rxc1 Qb4
28. Qa3 Qxa3 29. bxa3 f6 30. Nd3 Ra7 31. Nf4 Rxa3 32. Nxd5 Rxa2 33. Ne3 Nxf2 34.
Rc7+ Kh6 35. Nxf5+ gxf5 36. Rc6 Ng4 37. Bf3 Ra1+ 38. Kg2 Ra2+ 39. Kg1 Nxh2 40.
Bd5 Rb2 41. Rxf6+ Kg5 42. Rc6 h4 43. gxh4+ Kxh4 44. Rc3 f4 45. Be4 Ng4 46. d5
Rb4 47. Bc2 Ne5 48. Rb3 Rc4 49. Bf5 f3 50. Kf2 Kg5 51. Bd3 Rd4 52. Ke3 Rxd3+ 53.
Rxd3 Nxd3 54. Kxf3 Kf5 55. Ke3 Nc5 56. Kd4 Nd7 0-1

[Event "I Miedzynarodowy Memorial Ireny Warakomskiej - Open A"]
[Site "Suwalki"]
[Date "2017-08-15"]
[Round "6.15"]
[White "Czerw, Dawid "]
[Black "Molenda, Marcin"]
[Result "1/2-1/2"]
[WhiteTitle ""]
[BlackTitle ""]
[WhiteElo "2222"]
[BlackElo "2420"]

1. d4 d5 2. c4 e6 3. Nc3 Bb4 4. Nf3 Nf6 5. cxd5 exd5 6. Bg5 h6 7. Bh4 c5 8. e3
c4 9. Nd2 Bxc3 10. bxc3 g5 11. Bg3 Bf5 12. Qa4+ Nc6 13. Qb5 Qd7 14. Qc5 Qe7 15.
Bd6 Qe6 16. Be2 Rd8 17. Bg3 Qe7 18. Qb5 Rd7 19. O-O O-O 20. a4 Bg6 21. Rfe1 Qe6
22. Bf1 Qf5 23. e4 Nxe4 24. Nxe4 a6 25. Qb6 dxe4 26. Bxc4 Qa5 27. Qb2 Ne7 28.
Bb3 Rc8 29. Rac1 Nd5 30. Bxd5 Qxd5 31. h4 Rc4 32. hxg5 hxg5 33. Be5 Qe6 34. a5
f6 35. Bg3 Qd5 36. Qb6 Kg7 37. Re3 Qc6 38. Qxc6 Rxc6 39. Rb1 Rc4 40. Rb6 Kf7 41.
Bd6 Ra4 1/2-1/2

[Event "I Miedzynarodowy Memorial Ireny Warakomskiej - Open A"]
[Site "Suwalki"]
[Date "2017-08-15"]
[Round "6.16"]
[White "Cukrowski, Filip "]
[Black "Czerwonski, Aleksander "]
[Result "1-0"]
[WhiteTitle ""]
[BlackTitle ""]
[WhiteElo "2413"]
[BlackElo "2392"]

1. e4 e5 2. Nf3 Nc6 3. Bb5 a6 4. Ba4 Nf6 5. O-O b5 6. Bb3 Bb7 7. Re1 Bc5 8. c3
d6 9. d4 Bb6 10. h3 h6 11. Be3 O-O 12. d5 Ne7 13. Bxb6 cxb6 14. Nbd2 Bc8 15. Nh4
Ra7 16. Nf1 Nh7 17. Ne3 f5 18. exf5 Nxf5 19. Nhxf5 Bxf5 20. Nxf5 Rxf5 21. Bc2
Rf4 22. a4 b4 23. Re4 Rxe4 24. Bxe4 Ng5 25. Bd3 e4 26. Bc2 bxc3 27. bxc3 Qf6 28.
h4 e3 29. fxe3 Nf7 30. Qd4 Rc7 31. Rc1 Qe7 32. Bf5 Rc5 33. Rb1 Ne5 34. Rxb6 Rc4
35. Rb8+ Kf7 36. Qb6 Qxh4 37. Qb7+ Qe7 38. Be6+ Kf6 39. Qb1 g6 40. Rg8 Kg5 41.
Qf5+ Kf6 42. Qb1 h5 43. Rxg6+ Nxg6 44. Qf1+ 1-0

[Event "I Miedzynarodowy Memorial Ireny Warakomskiej - Open A"]
[Site "Suwalki"]
[Date "2017-08-15"]
[Round "6.17"]
[White "Almasi, Istvan "]
[Black "Zielinski, Wojciech"]
[Result "1-0"]
[WhiteTitle ""]
[BlackTitle ""]
[WhiteElo "2408"]
[BlackElo "2105"]

1. d4 e6 2. c4 Nf6 3. Nf3 b6 4. g3 Bb7 5. Bg2 c5 6. d5 exd5 7. Ng5 Ne4 8. Nxe4
dxe4 9. Nc3 d5 10. Nxd5 Bxd5 11. Qxd5 Qxd5 12. cxd5 f5 13. Bf4 Kd7 14. Bh3 g6
15. g4 Bd6 16. Bxd6 Kxd6 17. gxf5 Kxd5 18. Rg1 Nc6 19. fxg6 hxg6 20. Rg5+ Kc4
21. Be6+ Kb4 22. a3+ Ka5 23. O-O-O Rad8 24. Bd5 Ne7 25. Bxe4 Rxd1+ 26. Kxd1 Rxh2
27. Ke1 Ka4 28. Bc2+ Kb5 29. Bxg6 Nxg6 30. Rxg6 Kc4 31. Rg3 b5 32. Rc3+ Kd5 33.
Rd3+ Ke5 34. Re3+ Kd4 35. Re7 a5 36. f4 b4 37. axb4 axb4 38. f5 Rh1+ 39. Kd2 Rf1
40. b3 Rf2 41. Re8 Rf1 42. e3+ Kd5 43. Ke2 Rh1 44. f6 Rh2+ 45. Kd3 Rf2 46. e4+
Kc6 47. Re6+ Kd7 48. Ra6 Rf3+ 49. Kc4 Rc3+ 50. Kd5 Rxb3 51. Ra7+ Ke8 52. Ke6 Ra3
53. Rb7 Ra6+ 54. Kf5 Ra2 55. e5 Ra1 56. e6 Rf1+ 57. Ke5 Re1+ 58. Kd5 Rd1+ 59.
Kc6 Kd7+ 1-0

[Event "I Miedzynarodowy Memorial Ireny Warakomskiej - Open A"]
[Site "Suwalki"]
[Date "2017-08-15"]
[Round "6.18"]
[White "Czajkowski, Adam "]
[Black "Kaczmarek, Aleksander"]
[Result "0-1"]
[WhiteTitle ""]
[BlackTitle ""]
[WhiteElo "2223"]
[BlackElo "2368"]

1. e4 c6 2. d4 d5 3. Nc3 dxe4 4. Nxe4 Nd7 5. Bc4 Ngf6 6. Ng5 e6 7. Qe2 Nb6 8. Bd3
h6 9. N5f3 c5 10. dxc5 Bxc5 11. Ne5 Nbd7 12. Ngf3 Qc7 13. O-O Bd6 14. Re1 O-O
15. Bf4 Nd5 16. Bd2 Nxe5 17. Nxe5 f6 18. Nf3 Bd7 19. g3 Rae8 20. Nd4 f5 21. Qf3
Kh8 22. Rad1 f4 23. Qe4 Nf6 24. Qg6 Re7 25. Bb5 fxg3 26. hxg3 Bc5 27. Bxd7 Bxd4
28. Bb4 Bxf2+ 29. Kxf2 Nd5+ 30. Kg1 Nxb4 31. Bxe6 Rf6 32. Rf1 Rexe6 0-1

[Event "I Miedzynarodowy Memorial Ireny Warakomskiej - Open A"]
[Site "Suwalki"]
[Date "2017-08-15"]
[Round "6.19"]
[White "Szustakowski, Antoni "]
[Black "Goluch, Piotr"]
[Result "1-0"]
[WhiteTitle ""]
[BlackTitle ""]
[WhiteElo "2235"]
[BlackElo "2360"]

1. e4 c5 2. Nf3 d6 3. d4 cxd4 4. Nxd4 Nf6 5. Nc3 Nc6 6. Bg5 Bd7 7. Qd2 Rc8 8. f4
Nxd4 9. Qxd4 Qa5 10. Be2 e5 11. Qd3 d5 12. Bxf6 dxe4 13. Qd5 Qxd5 14. Nxd5 Bc6
15. Bxe5 Bxd5 16. O-O-O Bc6 17. Bg4 Ra8 18. Rhe1 Bc5 19. Bf5 Bf2 20. Re2 e3 21.
Bxg7 Rg8 22. Bd4 Rxg2 23. Bxe3 Bxe3+ 24. Rxe3+ Kf8 25. Rh3 Re8 26. Rxh7 Ree2 27.
h3 Ref2 28. Rh4 Kg7 29. b3 Kf6 30. Bd3 Rh2 31. Rg1 Bg2 32. Rh6+ Ke7 33. Re1+ Kf8
34. f5 Rxh3 35. Rd6 Kg7 36. Rd7 Bc6 37. Rd6 Rh1 38. Rxh1 Bxh1 39. a4 Bc6 40. Kb2
f6 41. a5 a6 42. b4 Bg2 43. Kc3 Rf4 44. Rd4 Rf2 45. Kc4 Kf7 46. Rd7+ Ke8 47. Rh7
Kd8 48. Kc5 Kc8 49. Rh2 1-0

[Event "I Miedzynarodowy Memorial Ireny Warakomskiej - Open A"]
[Site "Suwalki"]
[Date "2017-08-15"]
[Round "6.20"]
[White "Kulon, Klaudia "]
[Black "Mulet, Piotr "]
[Result "0-1"]
[WhiteTitle ""]
[BlackTitle ""]
[WhiteElo "2359"]
[BlackElo "2295"]

1. e4 e6 2. d4 d5 3. e5 c5 4. c3 Nc6 5. Nf3 Qb6 6. a3 f6 7. Bd3 fxe5 8. dxe5 Nge7
9. O-O g6 10. b4 c4 11. Bc2 Bg7 12. Qe2 Qc7 13. Re1 Bd7 14. b5 Nd8 15. a4 Nf7
16. Ba3 Nf5 17. Nbd2 h5 18. Nf1 O-O-O 19. Ne3 Nxe5 20. Ng5 Rde8 21. f4 Ng4 22.
Nxg4 hxg4 23. Bxf5 exf5 24. Qd2 Qb6+ 25. Kh1 Rxe1+ 26. Rxe1 g3 27. Nh3 d4 28.
Qa2 Qc7 29. cxd4 Re8 30. Rd1 Re3 31. d5 Rb3 32. Rc1 Kb8 33. hxg3 Bf6 34. Ng1 Be8
35. Qe2 Bf7 36. Rxc4 Qd7 37. Bd6+ Qxd6 38. Qc2 Qd7 39. Qxb3 Bxd5 40. Nf3 Qe6 41.
Qb4 Bxc4 42. Qf8+ Kc7 43. Qc5+ Kd7 44. Qxa7 Bd5 45. Qf2 Qe4 46. Qb6 Qe6 47. Qf2
Bxf3 48. Qxf3 Qe4 49. Qb3 Bd4 50. Qf7+ Kc8 51. Kh2 Qe3 52. Kh3 Qg1 53. Qe6+ Kc7
54. g4 Qe3+ 55. Qxe3 Bxe3 56. a5 Bxf4 57. gxf5 gxf5 58. a6 b6 59. Kh4 Kc8 60.
Kh5 Bb8 61. Kg5 f4 62. a7 Bxa7 63. Kxf4 Bb8+ 64. Kf5 Bg3 65. Kg4 Be1 66. Kf4 Kd7
67. g4 Kd6 0-1

[Event "I Miedzynarodowy Memorial Ireny Warakomskiej - Open A"]
[Site "Suwalki"]
[Date "2017-08-15"]
[Round "6.21"]
[White "Kyrychenko, Maryan "]
[Black "Stoma, Pawel "]
[Result "0-1"]
[WhiteTitle ""]
[BlackTitle ""]
[WhiteElo "2219"]
[BlackElo "2348"]

1. e4 d6 2. d4 e5 3. dxe5 dxe5 4. Qxd8+ Kxd8 5. Bc4 Be6 6. Bxe6 fxe6 7. Nc3 Nf6
8. Bg5 Bd6 9. O-O-O Ke7 10. Nge2 Nc6 11. h3 a6 12. Rhf1 h6 13. Be3 b5 14. a3 Rhb8
15. f4 a5 16. fxe5 Nxe5 17. Bf4 b4 18. Nb1 Ra6 19. Nd4 g5 20. Bh2 Nc4 21. Bxd6+
cxd6 22. Rde1 a4 23. Nd2 Ne5 24. N2f3 bxa3 25. bxa3 Rab6 26. Nxe5 dxe5 27. Nf3
Nxe4 28. Nd2 Nxd2 29. Kxd2 Rb5 30. Re4 Rd8+ 31. Ke3 Rc8 32. Rxa4 Rxc2 33. Ra7+
Kd6 34. Ra6+ Kc5 35. Ke4 Re2+ 36. Kf3 Rbb2 37. Rc1+ Kd5 38. Rd1+ Red2 39. Ra5+
Kd4 40. Ra4+ Kd5 41. Ra5+ Kd6 42. Rxd2+ Rxd2 43. Ra8 Rd4 44. Rd8+ Kc5 45. Re8
Kd5 46. Ke3 Re4+ 47. Kd3 Ra4 48. Rd8+ Kc6 49. Rc8+ Kd6 50. Rd8+ Ke7 51. Rh8 e4+
52. Ke3 Kf6 53. Rb8 h5 54. Rb4 Rxa3+ 55. Kxe4 h4 56. Rb2 Ra4+ 57. Ke3 Kf5 58.
Rf2+ Ke5 59. Rb2 Ra3+ 60. Kf2 Kf4 61. Rb4+ Kf5 62. Rb5+ e5 63. Rb4 Ra2+ 64. Kf3
Ra3+ 65. Kf2 e4 66. Rb8 Ra5 67. Ke3 Ra3+ 68. Kf2 Ra2+ 69. Ke3 Rxg2 70. Rf8+ Ke5
71. Re8+ Kf6 72. Rf8+ Kg7 73. Ra8 Rg3+ 74. Kxe4 Rxh3 75. Kf5 Rg3 76. Ra7+ Kh6
77. Ra8 Rf3+ 78. Kg4 Rf4+ 79. Kh3 Re4 80. Ra5 Kh5 81. Rb5 Re3+ 82. Kh2 h3 83.
Rb8 Kh4 84. Rh8+ Kg4 85. Ra8 Re2+ 86. Kh1 Kh4 87. Ra4+ g4 88. Ra3 Re1+ 0-1

[Event "I Miedzynarodowy Memorial Ireny Warakomskiej - Open A"]
[Site "Suwalki"]
[Date "2017-08-15"]
[Round "6.22"]
[White "Lewtak, Damian "]
[Black "Walter, Szymon "]
[Result "1/2-1/2"]
[WhiteTitle ""]
[BlackTitle ""]
[WhiteElo "2344"]
[BlackElo "2194"]

1. e4 c5 2. Nf3 e6 3. d4 cxd4 4. Nxd4 Nf6 5. Nc3 Nc6 6. Ndb5 Bb4 7. a3 Bxc3+ 8.
Nxc3 d5 9. exd5 exd5 10. Bd3 O-O 11. O-O d4 12. Ne2 Qd5 13. b4 Bg4 14. f3 Bf5
15. Bb2 Rfd8 16. Qd2 Rac8 17. Rfd1 Bxd3 18. Qxd3 Ne5 19. Qf5 Nxf3+ 20. Qxf3 Qxf3
21. gxf3 Rxc2 22. Bxd4 Rxe2 23. Bxa7 Rde8 24. Bb6 h6 25. Rd8 Rxd8 26. Bxd8 Nd5
27. Bh4 f5 28. Bf2 Kf7 29. a4 Rb2 30. b5 Rb3 31. Kf1 Ke6 32. Kg2 Nf4+ 33. Kg1
Ne2+ 1/2-1/2